Core Java / (رقم التسجيلة. 79629)

تفاصيل مارك
000 -الفاتح
حقل البيانات ثابتة الطول 01150cam a2200337 a 4500
001 - رقم الضبط
رقم الضبط 155715269
003 - محدد رقم الضبط
رقم الضبط OCoLC
005 - وقت وتاريخ اخر تعامل مع التسجيلة
رقم الضبط 20220214080821.0
008 - عناصر البيانات ثابتة الطول - معلومات عامة
حقل البيانات ثابتة الطول 070712s2020 njua 001 0 eng
010 ## - رقم ضبط مكتبة الكونجرس
رقم ضبط مكتبة الكونجرس 2007028843
020 ## - الرقم الدولى المعيارى للكتب
الرقم الدولى المعيارى للكتاب 9789389342444 (v. 1)
020 ## - الرقم الدولى المعيارى للكتب
الرقم الدولى المعيارى للكتاب 9789389552157 (v. 2)
040 ## - مصدر الفهرسة
وكالة الفهرسة الأصلية DLC
وكالة النسخ DLC
وكالة التعديل BAKER
-- BTCTA
-- C#P
-- YDXCP
-- VP@
-- MUQ
-- MOF
050 00 - رقم طلب مكتبة الكونجرس
رقم التصنيف QA76.73.J38
رقم المادة H6753 2008
082 ## - رقم تصنيف ديوى العشرى
رقم الطبعة 22
رقم التصنيف 005.133
رقم المادة HCC
100 1# - المدخل الرئيسى - إسم شخصى
الإسم الشخصى Horstmann, Cay S.,
التواريخ المصاحبة للاسم 1959-
9 (RLIN) 89128
245 10 - بيان العنوان
العنوان Core Java /
بيان المسئوليه,etc Cay S. Horstmann, Gary Cornell.
250 ## - بيان الطبعة
بيان الطبعة 8th ed.
260 ## - PUBLICATION, DISTRIBUTION, ETC. (IMPRINT)
مكان الناشر او الموزع Upper Saddle River, NJ :
اسم الناشر او الموزع Pearson,
تاريخ النشر أو التوزيع c2020.
300 ## - الوصف المادى
التعداد 2 v. :
تفاصيل ماديه اخرى للوعاء ill. ;
أبعاد الوعاء 24 cm.
490 1# - بيان السلسلة
عنوان السلسلة Sun Microsystems Press Java series
500 ## - تبصرة عامة
تبصرة عامة Previous ed.: Core Java 2. 7th ed.
500 ## - تبصرة عامة
تبصرة عامة "Revised and updated for Java SE 6"--Cover.
500 ## - تبصرة عامة
تبصرة عامة Includes index.
505 0# - تبصرة محتويات-الفهرس
تبصرة المحتويات المصاغة v. 1. Fundamentals -- v. 2. Advanced features.
650 #0 - المدخل الاضافى بالموضوع-مصطلح موضوعى
مصطلح موضوعي أو اسم جغرافي كعنصر مدخل Java (Computer program language)
9 (RLIN) 89129
700 1# - المدخل الاضافى - اسم شخصى
الإسم الشخصى Cornell, Gary.
9 (RLIN) 89130
700 1# - المدخل الاضافى - اسم شخصى
الإسم الشخصى Horstmann, Cay S.,
التواريخ المصاحبة للاسم 1959-
عنوان العمل Core Java 2.
9 (RLIN) 89131
830 #0 - المدخل الاضافى بالسلسلة -عنوان موحد
عنوان موحد Sun Microsystems Press Java series.
9 (RLIN) 89132
942 ## - عناصر المدخل الإضافي( كوها)
مصدر التصنيف او مخطط الترفيف Dewey Decimal Classification
Koha [default] item type كتاب
المقتنيات
حالة الفقد نموذج السعر الفعال حالة تلف ليس للاعارة رقم الطلب رقم النسخة تاريخ الاكتساب الموقع الحالي الباركود الفرع الرئيسي Date last seen نوع المادة فى نظام كوها مصدر التصنيف او خطة الترفيف Total Checkouts
  2022-02-14     005.133 HCC v.1 2022-02-14 المكتبة المركزية بالمجمعة (CL) 00168561 المكتبة المركزية بالمجمعة (CL) 2022-02-14 كتاب Dewey Decimal Classification  
  2022-02-14     005.133 HCC v.1 2022-02-14 المكتبة المركزية بالمجمعة (CL) 00168562 المكتبة المركزية بالمجمعة (CL) 2022-02-14 كتاب Dewey Decimal Classification  
  2022-02-14     005.133 HCC v.1 2022-02-14 المكتبة المركزية بالمجمعة (CL) 00168563 المكتبة المركزية بالمجمعة (CL) 2022-02-14 كتاب Dewey Decimal Classification  
  2022-02-14     005.133 HCC v.2 2022-02-14 المكتبة المركزية بالمجمعة (CL) 00168564 المكتبة المركزية بالمجمعة (CL) 2022-02-14 كتاب Dewey Decimal Classification  
  2022-02-14     005.133 HCC v.2 2022-02-14 المكتبة المركزية بالمجمعة (CL) 00168565 المكتبة المركزية بالمجمعة (CL) 2022-02-14 كتاب Dewey Decimal Classification  
  2022-02-14     005.133 HCC v.2 2022-02-14 المكتبة المركزية بالمجمعة (CL) 00168566 المكتبة المركزية بالمجمعة (CL) 2022-02-14 كتاب Dewey Decimal Classification  
  2022-02-14     005.133 HCC v.1 2022-02-14 قسم الاجراءات الفنية (IC) 00168573 قسم الاجراءات الفنية (IC) 2022-02-14 كتاب Dewey Decimal Classification  
  2022-02-14     005.133 HCC v.2 2022-02-14 قسم الاجراءات الفنية (IC) 00168574 قسم الاجراءات الفنية (IC) 2022-02-14 كتاب Dewey Decimal Classification  
  2022-02-14     005.133 HCC v.1 2022-02-14 مكتبة كلية العلوم و الدراسات الإنسانية برماح - طلاب (SRM) 00168571 مكتبة كلية العلوم و الدراسات الإنسانية برماح - طلاب (SRM) 2022-02-14 كتاب Dewey Decimal Classification  
  2022-02-14     005.133 HCC v.2 2022-02-14 مكتبة كلية العلوم و الدراسات الإنسانية برماح - طلاب (SRM) 00168572 مكتبة كلية العلوم و الدراسات الإنسانية برماح - طلاب (SRM) 2022-02-14 كتاب Dewey Decimal Classification  
  2022-02-14     005.133 HCC v.1 2022-02-14 مكتبة مجمع الكليات بالزلفى - طلاب (SZM) 00168567 مكتبة مجمع الكليات بالزلفى - طلاب (SZM) 2022-02-14 كتاب Dewey Decimal Classification  
  2022-02-14     005.133 HCC v.1 2022-02-14 مكتبة مجمع الكليات بالزلفى - طلاب (SZM) 00168568 مكتبة مجمع الكليات بالزلفى - طلاب (SZM) 2022-02-14 كتاب Dewey Decimal Classification  
  2022-02-14     005.133 HCC v.2 2022-02-14 مكتبة مجمع الكليات بالزلفى - طلاب (SZM) 00168569 مكتبة مجمع الكليات بالزلفى - طلاب (SZM) 2022-02-14 كتاب Dewey Decimal Classification  
  2022-02-14     005.133 HCC v.2 2022-02-14 مكتبة مجمع الكليات بالزلفى - طلاب (SZM) 00168570 مكتبة مجمع الكليات بالزلفى - طلاب (SZM) 2022-02-14 كتاب Dewey Decimal Classification